La meditación de la técnica (Registro nro. 5800)
[ vista simple ]
| 000 -LEADER | |
|---|---|
| fixed length control field | 01111 a2200205 4500 |
| 001 - CONTROL NUMBER | |
| control field | 54778 |
| 005 - DATE AND TIME OF LATEST TRANSACTION | |
| control field | 20260407155823.0 |
| 008 - FIXED-LENGTH DATA ELEMENTS--GENERAL INFORMATION | |
| fixed length control field | 260407a1964 arg spa d |
| 003 - CONTROL NUMBER IDENTIFIER | |
| control field | AR-UNSa-BCEJYS |
| 040 ## - CATALOGING SOURCE | |
| Original cataloging agency | AR-UNSa-BCEJYS |
| Language of cataloging | spa |
| Transcribing agency | AR-UNSa-BCEJYS |
| 080 ## - UNIVERSAL DECIMAL CLASSIFICATION NUMBER | |
| Universal Decimal Classification number | 101.1 |
| Common auxiliary subdivision | Naturaleza de la filosofía. La filosofía como ciencia. La filosofía como arte (pensamiento filosófico) |
| 100 1# - MAIN ENTRY--PERSONAL NAME | |
| Personal name | Ortega y Gasset, José |
| 245 10 - TITLE STATEMENT | |
| Title | La meditación de la técnica |
| 250 ## - EDITION STATEMENT | |
| Edition statement | 5a. ed. |
| 264 #1 - PRODUCTION, PUBLICATION, DISTRIBUTION, MANUFACTURE, AND COPYRIGHT NOTICE | |
| Place of production, publication, distribution, manufacture | Madrid : |
| Name of producer, publisher, distributor, manufacturer | Revista de Occidente |
| Date of production, publication, distribution, manufacture, or copyright notice | 1964 |
| 300 ## - PHYSICAL DESCRIPTION | |
| Extent | 166 p. |
| Dimensions | 18 cm. |
| 505 ## - FORMATTED CONTENTS NOTE | |
| Formatted contents note | 1. Primera escaramuza con el tema – 2. El estar y el bienestar – 3. El esfuerzo para ahorrar esfuerzo es esfuerzo – 4. Excursiones al subsuelo de la técnica – 5. La vida como fabricación de sí misma – 6. El destino extra natural del hombre – 7. El tipo gentleman – 8. Las cosas y su ser – 9. Los estadios d la técnica – 10. La técnica como artesanía – 11. Relación en que el hombre y su técnica se encuentran hoy – 12. El tecnicismo moderno. |
| 590 ## - LOCAL NOTE (RLIN) | |
| Local note | niveau_biblio:m niveau_hierar:0 |
| 942 ## - ADDED ENTRY ELEMENTS (KOHA) | |
| Koha item type | |
| Withdrawn status | Lost status | Damaged status | Not for loan | Home library | Current library | Shelving location | Date acquired | Total checkouts | Full call number | Barcode | Date last seen | Price effective from | Koha item type |
|---|---|---|---|---|---|---|---|---|---|---|---|---|---|
| Biblioteca Prof. Eusebio Cleto del Rey | Biblioteca Prof. Eusebio Cleto del Rey | 07/04/2026 | 101.1 O77m 5ed. | L21014 | 07/04/2026 | 07/04/2026 | Libro | ||||||
| Biblioteca Prof. Eusebio Cleto del Rey | Biblioteca Prof. Eusebio Cleto del Rey | 07/04/2026 | 101.1 O77m 5ed. | L21015 | 07/04/2026 | 07/04/2026 | Libro |